Регионална библиотека "Любен Каравелов" - Русе

Депрограмиране от религиозни общества и култове (Запис номер 399918)

MARC детайли
000 -Лидер
Контролно поле с фиксирана дължина 01413nam a2200301 a 4500
003 - Код на организацията, давaща контролен номер
Контролно поле BLK
005 - Дата и час на последна редакция
Контролно поле 20240611095045.0
008 - Елементи от данни с фиксирана дължина
fixed length control field 180407b bul|||||r ||||||| ||bul||
010 ## - Наследен системен номер
LC control number KNG00031486000
020 ## - Международен стандартен номер на книга ISBN
Международен стандартен номер на книга ISBN 9786190106852
040 ## - Източник на каталожния запис
Идентификатор на билиотеката - собственик на записа BLK
041 ## - Код за език
Код за езика на текст/звукозапис или на отделно заглавие Български
Код за езика КДБФ Български
080 ## - УДК
Текстов определител УДК Психология
УДК код - определител по УДК 159.9
УДК определител :2
УДК - код + определител 159.9:2
080 ## - УДК
Текстов определител УДК Индивидуална психология. Психология на личността. Индивидуалност. Психология на характера. Характерология. Психологическа типология
УДК код - определител по УДК 159.923
УДК - код + определител 159.923
100 ## - Редна дума - Автор
R(LIN) 442681
Автор Маринова, Севда Александрова
Авторска отговорност първи автор
139 ## - Редно поле
Редна дума Маринова, Севда Александрова
245 10 - Сведения за заглавието
Заглавие Депрограмиране от религиозни общества и култове
Редно поле (дума) Севда Маринова
257 ## - Страна на издаване
Страна на създаване/издаване България
260 ## - Област на издателските данни
Място на издаване, разпространение и проч. София
Име на издателя, разпространителя и проч. Изток-Запад
Година на издаване 2020
9 (RLIN) 210881
Издателство - префикс ISBN 978-619-01- ; 978-619-152- ; 978-954-321- ; 954-8945-
300 ## - Физическа характеристика
Страници 48 с.
Илюстрации и др. с диагр.
Размери/Мащаб 20 см
380 ## - Жанр
Жанр Философия
500 ## - Общи забележки
Забележка Рез. на бълг. ез.
650 #0 - Допълнително описание по предмет – тема
9 (RLIN) 248079
Основно описание – тема или топоним Религия - психология
650 #0 - Допълнително описание по предмет – тема
9 (RLIN) 243160
Основно описание – тема или топоним Личност - психология
852 ## - Местоположение
Форматна сигнатура Цб 306633
Фондова буква Хранилище
942 ## - АРТИКУЛИ
Вид на библиотечния материал Книги
Скрит в OPAC Не
Периодичен библиозапис Да
944 ## - СЪЗДАВАНЕ И РЕДАКЦИЯ на ЗАПИСА
Създаване/Редакция Създаване
Дата на регистрацията/редакция 2021-03-04
Служител, извършил регистрацията/редакцията 30550
Статус, дата на статуса Кети Илиева
999 ## - СИСТЕМНИ КОНТРОЛНИ НОМЕРА
Koha biblionumber 399918
Koha biblioitemnumber 399918
Наличности
Код за отписване Код за изгубен артикул Източник на класификационната схема Код за повреда Коз за рестрикции Код за отдаване Артикулен № Име на библиотеката - собственик Име на библиотеката, в която се намира в момента Статус (Текущо местоположение) Дата на вписване в системата Местоположение - отдел Цена в лева Систематично азбучна сигнатура Баркод Цена в евро Служебен тип на артикула Инвентарен номер
  Не е изгубен Universal Decimal Classification Не е повреден само за читалня ползва се в читалня 814868 Регионална библиотека "Любен Каравелов" Русе Регионална библиотека "Любен Каравелов" Русе Хранилище 2021-03-08 Хранилище 5.00 Цб 306633 120000852310 2.56 Книги  
  Не е изгубен Universal Decimal Classification Не е повреден   заемане за дома 944189 Регионална библиотека "Любен Каравелов" Русе Регионална библиотека "Любен Каравелов" Русе Заемна - подръчен фонд 2024-06-13 Заемна - подръчен фонд 5.00 159.9/М 31 С 120000909249 2.56 Книги 120000909249
  Не е изгубен Universal Decimal Classification Не е повреден   заемане за дома 944190 Регионална библиотека "Любен Каравелов" Русе Регионална библиотека "Любен Каравелов" Русе Заемна - подръчен фонд 2024-06-13 Заемна - подръчен фонд 5.00 159.9/М 31 С 120000909248 2.56 Книги 120000909248
Vip Innovations Ltd, Rousse, Bulgaria 2025